<?xml version="1.0" encoding="UTF-8"?>
<record
    xmlns:xsi="http://www.w3.org/2001/XMLSchema-instance"
    xsi:schemaLocation="http://www.loc.gov/MARC21/slim http://www.loc.gov/standards/marcxml/schema/MARC21slim.xsd"
    xmlns="http://www.loc.gov/MARC21/slim">

  <leader>01401naa a2200265 i 4500</leader>
  <controlfield tag="001">BPP</controlfield>
  <controlfield tag="003">BPK</controlfield>
  <controlfield tag="005">20160108122531.0</controlfield>
  <controlfield tag="008">140527s1984    pl     f     |100 0    </controlfield>
  <datafield tag="040" ind1=" " ind2=" ">
    <subfield code="c">BPK</subfield>
  </datafield>
  <datafield tag="041" ind1=" " ind2=" ">
    <subfield code="a">pol</subfield>
  </datafield>
  <datafield tag="044" ind1=" " ind2=" ">
    <subfield code="a">POL</subfield>
  </datafield>
  <datafield tag="080" ind1=" " ind2=" ">
    <subfield code="a">663/664.017</subfield>
  </datafield>
  <datafield tag="100" ind1=" " ind2=" ">
    <subfield code="a">MILANOWSKI, Jerzy.</subfield>
    <subfield code="d">1974 - 1993.</subfield>
    <subfield code="b">Wy&#x17C;sza Szko&#x142;a In&#x17C;ynierska w Koszalinie - Instytut Konstrukcji i Eksploatacji Maszyn,</subfield>
    <subfield code="c">Zak&#x142;ad Maszyn Przemys&#x142;u Spo&#x17C;ywczego</subfield>
  </datafield>
  <datafield tag="245" ind1=" " ind2=" ">
    <subfield code="a">Nowa metoda i urz&#x105;dzenie do okre&#x15B;lania wody w masach pomadkowych w trakcie ich zat&#x119;&#x17C;ania w wyparkach /</subfield>
    <subfield code="c">Jerzy Milanowski, Jerzy Maceluch, Janusz Owczarzak.</subfield>
  </datafield>
  <datafield tag="260" ind1=" " ind2=" ">
    <subfield code="c">1984.</subfield>
  </datafield>
  <datafield tag="500" ind1=" " ind2=" ">
    <subfield code="a">Dane z kartoteki bpp.</subfield>
  </datafield>
  <datafield tag="650" ind1=" " ind2="0">
    <subfield code="a">Cukiernictwo.</subfield>
  </datafield>
  <datafield tag="655" ind1=" " ind2="0">
    <subfield code="a">Materia&#x142;y konferencyjne.</subfield>
  </datafield>
  <datafield tag="711" ind1=" " ind2=" ">
    <subfield code="a">Przemys&#x142; spo&#x17C;ywczy : Og&#xF3;lnopolska Konferencja Naukowo-Techniczna</subfield>
    <subfield code="n">(3 ;</subfield>
    <subfield code="d">1984 ;</subfield>
    <subfield code="c">Lublin, Polska).</subfield>
  </datafield>
  <datafield tag="773" ind1=" " ind2=" ">
    <subfield code="t">Przemys&#x142; spo&#x17C;ywczy : Materia&#x142;y III Og&#xF3;lnopolskiej Konferencji Naukowo-Technicznej. -</subfield>
    <subfield code="d">Lublin, 1984. -</subfield>
    <subfield code="g">s. 135-137</subfield>
  </datafield>
  <datafield tag="700" ind1=" " ind2=" ">
    <subfield code="a">MACELUCH, Jerzy.</subfield>
    <subfield code="d">1977 - 1996.</subfield>
    <subfield code="b">Wy&#x17C;sza Szko&#x142;a In&#x17C;ynierska w Koszalinie -  Instytut Konstrukcji i Eksploatacji Maszyn,</subfield>
    <subfield code="c">Zak&#x142;ad Maszyn Przemys&#x142;u Spo&#x17C;ywczego</subfield>
  </datafield>
  <datafield tag="700" ind1=" " ind2=" ">
    <subfield code="a">OWCZARZAK, Janusz.</subfield>
    <subfield code="d">1980 - 1990.</subfield>
    <subfield code="b">Wy&#x17C;sza Szko&#x142;a In&#x17C;ynierska w Koszalinie -  Instytut Konstrukcji i Eksploatacji Maszyn,</subfield>
    <subfield code="c">Zak&#x142;ad Maszyn Przemys&#x142;u Spo&#x17C;ywczego</subfield>
  </datafield>
  <datafield tag="942" ind1=" " ind2=" ">
    <subfield code="c">ART</subfield>
    <subfield code="2">UKD</subfield>
  </datafield>
  <datafield tag="999" ind1=" " ind2=" ">
    <subfield code="c">6793</subfield>
    <subfield code="d">6793</subfield>
  </datafield>
</record>
